000 00365nam a2200145Ia 4500
005 20251222153610.0
008 251222s9999||||xx |||||||||||||| ||spa||
020 _a8448119541
082 _a658.151.1/A49
100 _aAlvarez López, José
245 0 _aIntroducción a la Contabilidad de Gestión:
250 _a1ra.ed.
264 _bMacGrawHill
942 _cLIB
999 _c31583
_d31583